| 000 | 01085pab a2200169 454500 | ||
|---|---|---|---|
| 008 | 180718b1999 xxu||||| |||| 00| 0 eng d | ||
| 100 | _aSharma, B.B.L. | ||
| 245 | _aFinancing health care reforms: An overview of issues | ||
| 260 | _c1999 | ||
| 300 | _ap.763-781. | ||
| 362 | _aOct-Dec | ||
| 520 | _aGiving background on meaning and significance of health care in India, the author focuses on financing of health care reforms and discusses important situational points that have emerged in the context of liberalisation and the emphasis laid thereon in the Seventh and Eighth Plans. He then takes up several pertinent issues in health sector reforms having a bearing on our Constitutional provisions - like equity, accessibility of poor, efficiency in using resources and inadequacy of resources, gender bias, quality of health care, impact of liberalisation, etc., - and, while concluding, lists out the issues briefly for discussion on the theme. - Reproduced | ||
| 650 | _aHealth services | ||
| 773 | _aIndian Journal of Public Administration | ||
| 908 | _aN | ||
| 909 | _a44057 | ||
| 999 |
_c44057 _d44057 |
||